| 000 | 00577nam a2200181Ia 4500 | ||
|---|---|---|---|
| 003 | GCL | ||
| 008 | 140319s9999 xx 000 0 ara d | ||
| 040 |
_aGCL / _cGCL |
||
| 082 | 0 | 4 |
_a146.6 _bس ف |
| 100 | 1 | _aسالم يفوث | |
| 245 | 1 | 0 |
_aالفلسفة والعلم فى العصر الكلاسيكى سيادة التصور الميكانكى / _cسالم يفوث |
| 260 |
_a[S.N] : _bالمركز الثقافى العربى ، _c1989 |
||
| 300 | _a229 ص | ||
| 490 | _a | ||
| 650 | 0 | 4 | _aالفلسفة |
| 650 | 0 | 4 | _aالفلسفة - نظريات |
| 942 |
_2ddc _cBK |
||
| 999 |
_c39724 _d39724 |
||